Estado de la Educación Costarricense: sexto informe /
El Sexto Informe del Estado de la Educación busca dar seguimiento al desempeño de la educación costarricense, buscando promover el debate ciudadano y apoyar el proceso de toma de decisiones en este campo. El informe se ha consolidado como una plataforma más amplia de información y análisis que compr...
שמור ב:
| מחבר תאגידי: | |
|---|---|
| פורמט: | ספר |
| שפה: | Spanish |
| יצא לאור: |
San José, Costa Rica:
El Programa,
2017
|
| נושאים: | |
| תגים: |
הוספת תג
אין תגיות, היה/י הראשונ/ה לתייג את הרשומה!
|
MARC
| LEADER | 00000nam a22000007a 4500 | ||
|---|---|---|---|
| 003 | cru IIS | ||
| 005 | 20221024161815.0 | ||
| 007 | ta | ||
| 008 | 220428t2017 cr |||||r|||| 00| 0 spa d | ||
| 020 | |a 9789930540022 | ||
| 040 | |c CRAI/IIS |a CRAI/IIS | ||
| 090 | |a 06.02.01 P964e (6) | ||
| 110 | 2 | |a Programa Estado de la Nación en Desarrollo Humano | |
| 245 | 1 | |a Estado de la Educación Costarricense: |b sexto informe / |c Programa Estado de la Nación en Desarrollo Humano | |
| 260 | |a San José, Costa Rica: |b El Programa, |c 2017 | ||
| 300 | |a 432 páginas: |b tablas, gráficos, mapas | ||
| 500 | |a Colección Centroamérica | ||
| 520 | |a El Sexto Informe del Estado de la Educación busca dar seguimiento al desempeño de la educación costarricense, buscando promover el debate ciudadano y apoyar el proceso de toma de decisiones en este campo. El informe se ha consolidado como una plataforma más amplia de información y análisis que comprende procedimientos de investigación y participación social muy diversos. La sexta edición brinda continuidad de temas tratados en informes anteriores e introduce nuevos temas, como la apertura de un capítulo dedicado a la Educación Primaria y un capítulo especializado en la observación de prácticas y ambientes en aulas de secundaria. FGO 24/10/2022 | ||
| 650 | 0 | |2 TESAURO OCDE |9 944 |a EDUCACION | |
| 650 | 0 | |2 TESAURO OCDE |9 3087 |a EDUCACION PUBLICA | |
| 650 | 0 | |2 TESAURO OCDE |9 4826 |a CALIDAD DE LA EDUCACION | |
| 651 | 0 | |2 TESAURO OCDE |9 32 |a COSTA RICA | |
| 942 | |2 ddc |c LI | ||
| 999 | |c 44190 |d 44190 | ||



